|
|
|
|
| LEADER |
00000naa2a2200000 4500 |
| 001 |
193214 |
| 005 |
20231031181751.0 |
| 035 |
|
|
|a (RuTPU)RU\TPU\book\210725
|
| 090 |
|
|
|a 193214
|
| 100 |
|
|
|a 20110321d2010 k y0rusy50 ca
|
| 101 |
0 |
|
|a rus
|
| 102 |
|
|
|a RU
|
| 200 |
1 |
|
|a Сравнительная характеристика рекреационных ресурсов Монголии
|f Д. Мунхтогтох
|
| 463 |
|
0 |
|0 (RuTPU)RU\TPU\book\205127
|y 978-5-98298-643-6
|t Актуальные проблемы гуманитарных наук
|o сборник трудов IX Международной научно-практической конференции студентов, аспирантов и молодых ученых, 22-23 апреля 2010 г., Томск
|f Национальный исследовательский Томский политехнический университет (ТПУ)
|v С. 93-94
|d 2010
|p 564 с.
|
| 610 |
1 |
|
|a ресурсы
|
| 610 |
1 |
|
|a Монголия
|
| 610 |
1 |
|
|a природные ресурсы
|
| 610 |
1 |
|
|a социально-экономические факторы
|
| 610 |
1 |
|
|a климат
|
| 610 |
1 |
|
|a туризм
|
| 610 |
1 |
|
|a водные ресурсы
|
| 610 |
1 |
|
|a озёра
|
| 610 |
1 |
|
|a Хубсугул
|
| 610 |
1 |
|
|a горы
|
| 610 |
1 |
|
|a рекреации
|
| 610 |
1 |
|
|a реки
|
| 610 |
1 |
|
|a труды учёных ТПУ
|
| 700 |
|
1 |
|a Мунхтогтох
|b Д.
|
| 801 |
|
1 |
|a RU
|b 63413507
|c 20110321
|
| 942 |
|
|
|c BK
|